Airline Designator 2 - Statistics

General Stats
  • This quiz has been taken 2 times
  • The average score is 8 of 89
Answer Stats
Designator Airline % Correct
ACA Air Canada
100%
AAL American
100%
AEE Aegean
50%
AFR Air France
50%
EZY Easy
50%
FDX Fedex
50%
FIN Finnair
50%
IBE Iberia
50%
JAL Japanair
50%
KLM KLM
50%
LOT Lot
50%
RYR Ryanair
50%
THA Thai
50%
WZZ Wizz Air
50%
AFL Aeroflot
0%
DAH Air Algerie
0%
BTI Air Baltic
0%
BUR Air Bucharest
0%
AIC Air India
0%
AMC Air Malta
0%
MAU Air Mauritius
0%
TAP Air Portugal
0%
RKA Air Sakha
0%
ASL Air Serbia
0%
EJU Alpine
0%
AXL Anguilla
0%
RRR Ascot
0%
AUA Austrian
0%
BMW BMW
0%
CLX Cargolux
0%
CPA Cathay
0%
CFG Condor
0%
CTM Cotam
0%
CTN Croatia
0%
CSA CSA-Lines
0%
DAL Delta
0%
EDW Edelweiss
0%
MSR Egyptair
0%
ELY El Al
0%
UAE Emirates
0%
ETH Ethiopian
0%
LZB Flying Bulgaira
0%
NJE Fraction
0%
FNY French Navy
0%
GAF German Air Force
0%
GFA Gulfair
0%
OAW Helvetic
0%
ICE Iceair
0%
GIA Indonesia
0%
ITY Itarrow
0%
RJA Jordanian
0%
DLH Lufthansa
0%
GEC Lufthansa Cargo
0%
MAS Malaysian
0%
NMB Namibia
0%
NAX Nor Shuttle
0%
LBT Nouvelair
0%
OAL Olympic
0%
PIA Pakistan
0%
PCH Pilatus Wings
0%
PAC Polar
0%
PGA Portugalia
0%
BCS Postman
0%
RAM RoyalAirMaroc
0%
SVA Saudia
0%
SAS Scandinavian
0%
EIN Shamrock
0%
SIA Singapore
0%
SKR Skyscapes
0%
BAW Speedbird
0%
SAA Springbok
0%
ALK Sri Lankan
0%
AUH Sultan
0%
SXS Sunexpress
0%
SWR Swiss
0%
SUI Swiss Air Force
0%
SAZ Swiss Ambulance
0%
SJT Swiss Jet
0%
FPG Tag Aviation
0%
ROT Tarom
0%
EZS Topswiss
0%
TUI Tui Jet
0%
TAR Tunair
0%
THY Turkish
0%
DCS TwinStar
0%
UAL United
0%
UNO United Nations
0%
VIR Virgin
0%
VLG Vueling
0%
No matching quizzes found
Score Distribution
Percent of People with Each Score
Percentile by Number Answered
Your Score History
You have not taken this quiz